Your obedient servant (Record no. 416038)

000 -LEADER
fixed length control field 00285cam a22001097a 4500
008 - FIXED-LENGTH DATA ELEMENTS--GENERAL INFORMATION
fixed length control field 180718b1959 xxu||||| |||| 00| 0 eng d
082 ## - DEWEY DECIMAL CLASSIFICATION NUMBER
Classification number A99 Sco84
100 ## - MAIN ENTRY--PERSONAL NAME
Personal name Scott, Harold
245 ## - TITLE STATEMENT
Title Your obedient servant
Statement of responsibility, etc. by Harold Scott
260 ## - PUBLICATION, DISTRIBUTION, ETC.
Place of publication, distribution, etc. London
Name of publisher, distributor, etc. Andre Deutsch
Date of publication, distribution, etc. 1959
300 ## - PHYSICAL DESCRIPTION
Extent 192p
Holdings
Withdrawn status Lost status Damaged status Not for loan Permanent Location Current Location Date acquired Full call number Barcode Date last seen Price effective from Koha item type
        Indian Institute of Public Administration Indian Institute of Public Administration 2009-03-09 A99 Sco84 19685 2018-07-21 2018-07-21 Book

Powered by Koha